<?xml version="1.0" encoding="UTF-8"?>
<marc:record xmlns:marc="http://www.loc.gov/MARC21/slim">
   <marc:leader>00000nam a2200000 a 4500</marc:leader>
   <marc:datafield ind1="1" ind2=" " tag="100">
      <marc:subfield code="a">Kospach, Julia</marc:subfield>
      <marc:subfield code="4">aut</marc:subfield>
      <marc:subfield code="e">Verfasser/-in</marc:subfield>
   </marc:datafield>
   <marc:datafield ind1=" " ind2=" " tag="653">
      <marc:subfield code="a">Bildband</marc:subfield>
   </marc:datafield>
   <marc:datafield ind1=" " ind2=" " tag="653">
      <marc:subfield code="a">Klein- und Hausgarten</marc:subfield>
   </marc:datafield>
   <marc:datafield ind1="0" ind2="0" tag="245">
      <marc:subfield code="a">Die schönsten Gärten im Alpenraum</marc:subfield>
   </marc:datafield>
   <marc:datafield ind1=" " ind2="1" tag="264">
      <marc:subfield code="b">Servus</marc:subfield>
      <marc:subfield code="c">2017</marc:subfield>
   </marc:datafield>
   <marc:datafield ind1="1" ind2=" " tag="490">
      <marc:subfield code="a">Servus</marc:subfield>
   </marc:datafield>
   <marc:datafield ind1="1" ind2=" " tag="520">
      <marc:subfield code="a">Im Garten bist du Mensch, hier darfst du`s sein 
Seit der ersten Ausgabe porträtiert das Monatsmagazin Servus in Stadt &amp; Land liebevoll und individuell angelegte Gärten. Dieser opulente, auf den Servus-Gartenbesuchen basierende Bildband präsentiert die gesamte Bandbreite gärtnerischer Kreativität im Alpenraum: vom wärmeliebenden Steingarten mit duftenden Kräutern bis zur blühenden Oase am Fuß schroffer Gebirge, vom traditionellen Bauern- und Obstgarten bis zum barock anmutenden Ensemble aus Buchs, vom Gärtchen in der großen Stadt bis zum weitläufigen Waldgarten in freier Landschaft. 
Nur allzu gerne verraten die Gärtnerinnen und Gärtner auf Spaziergängen durch ihre mit Leidenschaft und grünem Daumen verwirklichten Lebens(t)räume auch allerlei Tipps und Tricks für die Pflege und Gestaltung - und freuen sich, wenn ihre erfrischenden Ideen auch andere Gartenfreunde anregen.</marc:subfield>
   </marc:datafield>
   <marc:datafield ind1=" " ind2=" " tag="020">
      <marc:subfield code="a">9783710401398</marc:subfield>
      <marc:subfield code="9">9783710401398</marc:subfield>
   </marc:datafield>
</marc:record>
